| 000 | 00840nam a2200229 i 4500 | ||
|---|---|---|---|
| 001 | 133826 | ||
| 003 | ES-MaACL | ||
| 005 | 20250830225154.0 | ||
| 007 | t| | ||
| 008 | 070830s1901 fr ||||1| fre d | ||
| 100 | 1 |
_aWright, Carroll D. _9117401 |
|
| 245 | 1 | 1 |
_aL'evolution industrielle des Etats Unis / _cpar Carroll D. Wright ; traduit par F. Lepelletier ; avec une préface de E. Levasseur. |
| 260 |
_aParis : _bV. Giard & E. Brière, _c1901. |
||
| 300 |
_aXXIII, 380 p. ; _c23 cm. |
||
| 490 | 1 | _aBibliothèque internationale d'économie politique | |
| 651 | 4 |
_aEstados Unidos- _xPolítica económica _98549 |
|
| 700 | 1 |
_aLepelletier, F. _971721 |
|
| 700 | 0 |
_aLevasseur, Emile. _971915 |
|
| 830 | 0 | 0 |
_aBibliothèque internationale d'économie politique _9181587 |
| 852 |
_aES-MaACL _jF-14136 |
||
| 999 |
_c133826 _d133826 |
||